The compulsion of love: (Record no. 5046)

000 -LEADER
fixed length control field 00593nam a2200181 a 4500
001 - CONTROL NUMBER
control field :::00002787$&:&@@
003 - CONTROL NUMBER IDENTIFIER
control field OkBaRHE
005 - DATE AND TIME OF LATEST TRANSACTION
control field 20000607103257.0
008 - FIXED-LENGTH DATA ELEMENTS--GENERAL INFORMATION
fixed length control field s1935 j 000 0 eng u
040 ## - CATALOGING SOURCE
Transcribing agency
100 1# - MAIN ENTRY--PERSONAL NAME
Personal name Dundore, Paul J.
245 14 - TITLE STATEMENT
Title The compulsion of love:
Remainder of title Jesus and the woman at the well.
260 ## - PUBLICATION, DISTRIBUTION, ETC. (IMPRINT)
Place of publication, distribution, etc Grand Rapids, MI., :
Name of publisher, distributor, etc William B. Eerdmans Publishing Co.
Date of publication, distribution, etc c1935
300 ## - PHYSICAL DESCRIPTION
Extent 156 p. ;
Dimensions 19 cm.
650 ## - SUBJECT ADDED ENTRY--TOPICAL TERM
Topical term or geographic name as entry element Jesus Christ
General subdivision Teachings
942 ## - ADDED ENTRY ELEMENTS (KOHA)
Source of classification or shelving scheme
Koha item type Books
Copies
Shelving location Price effective from Source of classification or shelving scheme Not for loan Full call number Withdrawn status Date acquired Date last seen Lost status Copy number Barcode Permanent Location Damaged status Koha item type
General Stacks2010-04-14  BS 2417 .D755 2010-04-142018-03-16 12787RHEMA Bible Training College Books